<?xml version="1.0" encoding="UTF-8"?>
<collection xmlns:xsi="http://www.w3.org/2001/XMLSchema-instance" xsi:schemaLocation="http://www.loc.gov/MARC21/slim http://www.loc.gov/standards/marcxml/schema/MARC21slim.xsd" xmlns="http://www.loc.gov/MARC21/slim">
 <record>
  <leader>00000nam a2200000 i 4500</leader>
  <controlfield tag="001">UP-8027390931311820221</controlfield>
  <controlfield tag="003">Buklod</controlfield>
  <controlfield tag="005">20250415163230.0</controlfield>
  <controlfield tag="006">m    |o  d |      </controlfield>
  <controlfield tag="007">ta</controlfield>
  <controlfield tag="008">250415s2024    njuab   rb   |001 0|eng d</controlfield>
  <datafield tag="020" ind1=" " ind2=" ">
   <subfield code="a">9789811271656 (hardcover)</subfield>
  </datafield>
  <datafield tag="035" ind1=" " ind2=" ">
   <subfield code="a">22923093</subfield>
  </datafield>
  <datafield tag="037" ind1=" " ind2=" ">
   <subfield code="a">BC-75661</subfield>
   <subfield code="b">Mind Mover Publishing House Inc.</subfield>
   <subfield code="c">Php8,780.00</subfield>
   <subfield code="n">Renz Lamayo/Department of Economics and Political Science</subfield>
  </datafield>
  <datafield tag="040" ind1=" " ind2=" ">
   <subfield code="a">DLC</subfield>
   <subfield code="d">BAG</subfield>
   <subfield code="e">rda</subfield>
  </datafield>
  <datafield tag="041" ind1="0" ind2=" ">
   <subfield code="a">eng</subfield>
  </datafield>
  <datafield tag="090" ind1=" " ind2="0">
   <subfield code="a">HT 321</subfield>
   <subfield code="b">U73 2024</subfield>
  </datafield>
  <datafield tag="245" ind1="1" ind2="0">
   <subfield code="a">Urban economics, real estate, transportation and public policy</subfield>
   <subfield code="c">editor, Jeffrey P. Cohen.</subfield>
  </datafield>
  <datafield tag="264" ind1=" " ind2="1">
   <subfield code="a">Toh Tuck Link, Singapore</subfield>
   <subfield code="b">World Scientific Publishing Co. Pte. Ltd.</subfield>
   <subfield code="c">[2024]</subfield>
  </datafield>
  <datafield tag="300" ind1=" " ind2=" ">
   <subfield code="a">viii, 252 pages</subfield>
   <subfield code="b">illustrations, maps</subfield>
   <subfield code="c">24 cm</subfield>
  </datafield>
  <datafield tag="336" ind1=" " ind2=" ">
   <subfield code="a">text</subfield>
   <subfield code="2">rdacontent</subfield>
  </datafield>
  <datafield tag="337" ind1=" " ind2=" ">
   <subfield code="a">unmediated</subfield>
   <subfield code="2">rdamedia</subfield>
  </datafield>
  <datafield tag="338" ind1=" " ind2=" ">
   <subfield code="a">volume</subfield>
   <subfield code="2">rdacarrier</subfield>
  </datafield>
  <datafield tag="490" ind1="0" ind2=" ">
   <subfield code="a">World scientific series on public policy and technological innovation</subfield>
   <subfield code="x">2661-4502</subfield>
   <subfield code="v">vol. 2</subfield>
  </datafield>
  <datafield tag="504" ind1=" " ind2=" ">
   <subfield code="a">Includes bibliographical references and index.</subfield>
  </datafield>
  <datafield tag="520" ind1=" " ind2=" ">
   <subfield code="a">&quot;The chapters of this book synthesize papers on the inter-related topics of urban economics, real estate, transportation and public policy and include applied and empirical research on a variety of sub-topics. These include innovative econometric techniques that are applied to timely problems, such as impacts of flooding in Vancouver, BC Canada on property values; and the determinants of traffic accident fatalities in the US and in Thailand. There are also chapters on more policy-oriented issues, such as the impacts of Covid-19 on real estate in Toronto, ON Canada. The book will appeal to the interest of academics, policy-makers, planners, and geographers. Eminent contributors include Professor Anming Zhang from the University of British Columbia; and Professors Peter Loeb and Richard Fowles, from Rutgers University and the University of Utah, respectively. These authors are all past-presidents of the Transportation and Public Utilities Group (TPUG) of the American Economic Association (the national association for economists in North America). In addition, Professor James Peoples from the University of Wisconsin-Milwaukee, the Secretary of TPUG, is a contributor&quot;--Provided by publisher.</subfield>
  </datafield>
  <datafield tag="650" ind1=" " ind2="0">
   <subfield code="a">Urban economics.</subfield>
  </datafield>
  <datafield tag="650" ind1=" " ind2="0">
   <subfield code="a">Real property.</subfield>
  </datafield>
  <datafield tag="650" ind1=" " ind2="0">
   <subfield code="a">Transportation.</subfield>
  </datafield>
  <datafield tag="650" ind1=" " ind2="0">
   <subfield code="a">Political planning.</subfield>
  </datafield>
  <datafield tag="650" ind1=" " ind2="0">
   <subfield code="a">Econometric models.</subfield>
  </datafield>
  <datafield tag="700" ind1="1" ind2=" ">
   <subfield code="a">Cohen, Jeffrey P.</subfield>
   <subfield code="e">editor.</subfield>
  </datafield>
  <datafield tag="905" ind1=" " ind2=" ">
   <subfield code="a">FO</subfield>
  </datafield>
  <datafield tag="852" ind1="0" ind2=" ">
   <subfield code="a">UPBAG</subfield>
   <subfield code="b">UPBAG-MAIN</subfield>
   <subfield code="h">HT 321</subfield>
   <subfield code="i">U73 2024</subfield>
  </datafield>
  <datafield tag="942" ind1=" " ind2=" ">
   <subfield code="a">Book</subfield>
  </datafield>
 </record>
</collection>
